| 000 | 00761nam a2200265 a 4500 | ||
|---|---|---|---|
| 005 | 20210219153041.0 | ||
| 008 | 991125n 000 0 u | ||
| 035 | _aUPN01000074760 | ||
| 100 | _aLewis, Eileen L. | ||
| 222 | 0 | _aEDUCATIONAL TECHNOLOGY | |
| 245 | 0 | _aThe effect of computer simulations on introductory thermodynamics understanding | |
| 300 | _a45-58 | ||
| 362 | _a33, No. 1, 1993 | ||
| 505 | _aJunio 1993 | ||
| 653 | 0 | _aDESARROLLO CURRICULAR | |
| 653 | 0 | _aDISEÑO ASISTIDO POR ORDENADOR | |
| 653 | 0 | _aGENERALIZACION | |
| 653 | 0 | _aINSTRUCCION CIENTIFICA | |
| 653 | 0 | _aSIMULACION EN COMPUTADORA | |
| 653 | 0 | _aTERMODINAMICA | |
| 700 | _aStern, Judith L. | ||
| 700 | _aLinn, Marcia C. | ||
| 904 |
_aAC _b012571 |
||
| 905 | _aArticulo | ||
| 999 |
_c67104 _d67104 |
||